| 000 | 00634nam a22001817a 4500 | ||
|---|---|---|---|
| 999 |
_c60879 _d60879 |
||
| 005 | 20231114101358.0 | ||
| 008 | 231114s2000 ru ||||| |||| 00| 0 rus d | ||
| 020 | _a5271005925 | ||
| 041 | _arus | ||
| 080 | _a94(37)Г-60 | ||
| 100 |
_aГолыженков И. _920367 |
||
| 245 |
_aАрмия императорского Рима. I-II вв. н.э. / _cИ. Голыженков. |
||
| 264 |
_aМосква : _bАСТ, Астрель, _c2000. |
||
| 300 |
_a48 стр. : _bил.; _c27 см. |
||
| 653 | _aიმპერიული რომის არმია | ||
| 653 | _aისტორია | ||
| 942 |
_2udc _cᲬᲘᲒᲜᲘ |
||